Servants of all : a novel /

Bibliographic Details
Main Author: Walker, Wilbert L.
Format: Book
Language:English
Published: Baltimore, Md. : Heritage Press, [1982]
Edition:1st ed.

MARC

Tag First Indicator Second Indicator Subfields
LEADER 00000cam a2200000 a 4500
001 in00000511147
005 20151013070052.0
008 821207s1982 mdu 00011 eng d
010 |a  82081162  
020 |a 093542802X 
035 |a (OCoLC)09027179 
035 |9 ACD9890AM 
040 |a MDB  |c MDB  |d TXA  |d UtOrBLW 
049 |a TXAM  |c [1389241] 
090 |a PS3573.A42542  |b S47 1982 
100 1 |a Walker, Wilbert L. 
245 1 0 |a Servants of all :  |b a novel /  |c by Wilbert L. Walker. 
250 |a 1st ed. 
264 1 |a Baltimore, Md. :  |b Heritage Press,  |c [1982] 
264 4 |c ©1982 
300 |a 244 pages ;  |c 23 cm. 
336 |a text  |b txt  |2 rdacontent 
337 |a unmediated  |b n  |2 rdamedia 
338 |a volume  |b nc  |2 rdacarrier 
999 |a MARS 
999 f f |s cf61db42-b3ba-31d4-a521-aa17c445d440  |i 41c7c5bc-b87c-3b65-ae9b-089847f451f6  |t 0 
952 f f |p ric  |a Texas A&M University  |b Rellis Campus  |c Joint Library Facility  |d Remote Storage  |t 0  |e PS3573.A42542 S47 1982  |h Library of Congress classification  |i unmediated -- volume  |m A14807844486 
998 f f |a PS3573.A42542 S47 1982  |t 0  |l Remote Storage